Collection de Monsieur H. B. (Record no. 5729)

MARC details
000 -CABECERA
campo de control de longitud fija 01063nam a2200265 a 4500
001 - NÚMERO DE CONTROL
campo de control BRCA_6041
005 - FECHA Y HORA DE LA ÚLTIMA TRANSACCIÓN
campo de control 20190321142922.0
008 - DATOS DE LONGITUD FIJA--INFORMACIÓN GENERAL
campo de control de longitud fija 120511m19271928fr-a######---#000-0#fre-#
041 ## - CÓDIGO DE LENGUA
Código de lengua del texto/banda sonora o título independiente fre
044 ## - CÓDIGO DEL PAÍS DE LA ENTIDAD EDITORA/PRODUCTORA
Código MARC del país fr
050 #4 - SIGNATURA TOPOGRÁFICA DE LA BIBLIOTECA DEL CONGRESO
Número de documento/Ítem .C65 1927
245 10 - MENCIÓN DE TÍTULO
Título Collection de Monsieur H. B.
260 ## - PUBLICACIÓN, DISTRIBUCIÓN, ETC.
Lugar de publicación, distribución, etc. París
Nombre del editor, distribuidor, etc. Galerie Georges Petit
Fecha de publicación, distribución, etc. 1927-1928
300 ## - DESCRIPCIÓN FÍSICA
Extensión 2 v.
Otras características físicas il., láminas
Dimensiones 28 cm.
500 ## - NOTA GENERAL
Nota general Incluye índice de artistas
500 ## - NOTA GENERAL
Nota general En el inventario los catálogos están identificados como CA6 (2 v.) y en cada libro como CA6a y CA6b
500 ## - NOTA GENERAL
Nota general Catálogo de subasta inventariado por Banco de México como libro
500 ## - NOTA GENERAL
Nota general CA6
505 0# - NOTA DE CONTENIDO CON FORMATO
Nota de contenido con formato Contenido: v.1. Catalogue des très Belles Estampes du XVIIIe siècle. -- v.2. Catalogue des très Beaux Portraits des XVIIe, XVIIIe et XIXe siècles
600 14 - PUNTO DE ACCESO ADICIONAL DE MATERIA--NOMBRE DE PERSONA
Nombre de persona H. B., Monsieur
Subdivisión general Colecciones privadas
9 (RLIN) 15239
650 14 - PUNTO DE ACCESO ADICIONAL DE MATERIA--TÉRMINO DE MATERIA
Término de materia o nombre geográfico como elemento de entrada Estampas
Subdivisión de forma Catálogos
Subdivisión general Colecciones privadas
Subdivisión cronológica Siglo XVIII
9 (RLIN) 15240
650 14 - PUNTO DE ACCESO ADICIONAL DE MATERIA--TÉRMINO DE MATERIA
Término de materia o nombre geográfico como elemento de entrada Retratos
Subdivisión de forma Catálogos
Subdivisión general Colecciones privadas
Subdivisión cronológica Siglo XVII-XIX
9 (RLIN) 15241
902 ## - CATALOGADOR
Iniciales GFM
942 ## - ELEMENTOS DE PUNTO DE ACCESO ADICIONAL (KOHA)
Fuente del sistema de clasificación o colocación Library of Congress Classification
Tipo de ítem Koha Libros
Holdings
Estado de retiro Estado de pérdida Estado dañado No para préstamo Localización permanente Ubicación/localización actual Fecha de adquisición Número de inventario Total de préstamos Signatura topográfica completa Código de barras Fecha visto por última vez Precio válido a partir de Tipo de ítem Koha
El ejemplar forma parte de la colección y puede ser consultado según las políticas vigentes.       Biblioteca del Museo Franz Mayer (Rogerio Casas-Alatriste) Biblioteca del Museo Franz Mayer (Rogerio Casas-Alatriste) 12/05/2011 CA6   .C65 1927 (CA6) 6480 22/03/2019 22/03/2019 Libros